000 00404nam a22001451a 4500
082 _aM 181.4
_bUNI/P
100 _aN V P Unithiri
245 _aPracheena bharatheeya darsanam/
_cby N V P Unithiri
260 _aKottayam:
_bSahitya Pravartaka Co-operative Society,
_c2008.
300 _a280p.
650 _aPhilosophy India Ancient
650 _aPhilosophy India
650 _aPhilosophy
942 _cBK
999 _c35373
_d35373